Business Studies-XII (Record no. 11230)

MARC details
000 -LEADER
fixed length control field 00317nam a22001217a 4500
008 - FIXED-LENGTH DATA ELEMENTS--GENERAL INFORMATION
fixed length control field 181106b ||||| |||| 00| 0 eng d
020 ## - INTERNATIONAL STANDARD BOOK NUMBER
International Standard Book Number 9387516644
100 ## - MAIN ENTRY--PERSONAL NAME
Personal name Gandhi Poonam
9 (RLIN) 6982
245 ## - TITLE STATEMENT
Title Business Studies-XII
260 ## - PUBLICATION, DISTRIBUTION, ETC. (IMPRINT)
Place of publication, distribution, etc. New Delhi
Name of publisher, distributor, etc. VK Global Publications
Date of publication, distribution, etc. 2018-19
300 ## - PHYSICAL DESCRIPTION
Extent Paper Bag
942 ## - ADDED ENTRY ELEMENTS (KOHA)
Source of classification or shelving scheme Dewey Decimal Classification
Koha item type BOOK
Holdings
Withdrawn status Lost status Source of classification or shelving scheme Damaged status Not for loan Home library Current library Shelving location Date acquired Total Checkouts Full call number Barcode Date last seen Date last checked out Price effective from Koha item type
    Dewey Decimal Classification     Good Samaritan School Library Good Samaritan School Library Business Studies 11/06/2018 1 174.4 GAN15185 07/09/2019 03/15/2019 11/06/2018 BOOK

Powered by Koha